000 00738nam a2200253 a 4500
001 156108
003 OSt
005 20210928125454.0
008 180421 ### HIN
020 _a9788122505146
082 _a519
_bF98F
100 _aElhance, D. N.
245 _aFundamentals of statistics
_cby D. N. Elhance; assisted by Veena Elhance and B. M. Aggarwal
250 _a59th ed.
260 _aAllahabad
_bKitab Mahal
_c2016
300 _av.p.
500 _aContaining more than 750 solved and 1250 problems for review exercise.
653 _aStatistics
653 _aStatistics--Methodology
653 _aMathematical statistics
700 _aElhance, Veena
700 _aAggarwal, B. M.
942 _2ddc
_cBK
999 _c18532
_d18532